000 01057nmm a2200325 a 4500
001 ocm0002016007
003 TR-IsHL
005 20201028181541.0
008 190104s2017 tu tur
007 cr cn
020 _a9786054447367
035 _a2016007
_b(N$T)
050 0 4 _aBP183.3
_b.A783 2017
090 0 4 _aBP183.3
_b.A783 2017
100 1 _aArslan, Arif
245 1 0 _aDua ile korunma
_h[electronic resource] /
_cArif Arslan ; editör Yasin Çinkaya
250 _a9. Baskı
260 _aİstanbul :
_bAnatolia Kitap,
_c2017
300 _a366 p.
500 _aArapça metin içerir
650 4 _aFelsefe, Psikoloji ve Din
650 4 _aPhilosophy, Psychology and Religion
650 0 _aDua
_x İslamiyet
650 0 _aPrayer
_x Islam
650 0 _aİslamiyet
_x Dualar ve ibadet
650 0 _aIslam
_x Prayers and devotions
650 7 _aRELIGION / Islam / Rituals & Practice
_2bisacsh
700 1 _aÇinkaya, Yasin
856 4 0 _uhttp://search.ebscohost.com/login.aspx?direct=true&scope=site&db=e011xww&AN=2016007
999 _c19653
_d19653